[Event "Titled Tuesday intern op 16th Jul Early"]
[Site "Chess.com INT"]
[Date "2024.07.16"]
[Round "4"]
[White "Poupalos, Nikolaos"]
[Black "Shubenkova, Veronika"]
[Result "0-1"]
[WhiteElo "2295"]
[BlackElo "2030"]
[PlyCount "74"]
[EventDate "2024.07.16"]
[EventType "swiss (blitz)"]
[EventRounds "11"]
[EventCountry "USA"]
[SourceTitle "EXT 2025"]
[Source "ChessBase"]
[SourceDate "2024.10.14"]
[SourceVersion "1"]
[SourceVersionDate "2024.10.14"]
[SourceQuality "1"]

1. e4 b6 2. Nc3 Bb7 3. d4 e6 4. f4 d5 5. Bd3 Nf6 6. e5 Nfd7 7. Nce2 c5 8. c3 a6 9. Nf3 b5 10. 0-0 Qb6 11. Be3 Nc6 12. f5 cxd4 13. cxd4 Ncxe5 14. Nxe5 Nxe5 15. fxe6 fxe6 16. Nf4 Nxd3 17. Qh5+ g6 18. Nxg6 0-0-0 19. Nxh8 Bg7 20. Nf7 Rd7 21. Qg4 Bxd4 22. Qg8+ Kc7 23. Qg3+ e5 24. Bxd4 Qxd4+ 25. Kh1 Kb6 26. Rad1 e4 27. Ng5 Ka7 28. Ne6 Qb6 29. Nf8 Rc7 30. Qh4 Rg7 31. Rf6 Qe3 32. Qh6 Qxh6 33. Rxh6 Nf2+ 34. Kg1 Nxd1 35. Kf1 Ne3+ 36. Ke2 Nxg2 37. Nd7 Rxd7 0-1

[Event "GRE-chT 51st"]
[Site "Trikala"]
[Date "2024.07.07"]
[Round "4.9"]
[White "Poupalos, Nikolaos"]
[Black "Kazantzoglou, Stefanos"]
[Result "1-0"]
[WhiteElo "2295"]
[BlackElo "2222"]
[PlyCount "143"]
[EventDate "2024.07.04"]
[EventType "team-swiss"]
[EventRounds "7"]
[EventCountry "GRE"]
[SourceTitle "CBM 221 Extra"]
[Source "ChessBase"]
[SourceDate "2024.09.30"]
[SourceVersion "1"]
[SourceVersionDate "2024.09.30"]
[SourceQuality "1"]
[WhiteTeam "Peiraikos OS"]
[BlackTeam "Irakleiou"]
[WhiteTeamCountry "GRE"]
[BlackTeamCountry "GRE"]

1. e4 e5 2. Nf3 Nc6 3. Bb5 a6 4. Ba4 Nf6 5. d3 d6 6. c4 g6 7. Nc3 Bg7 8. d4 exd4 9. Nxd4 Bd7 10. Nxc6 Bxc6 11. 0-0 Bxa4 12. Qxa4+ Nd7 13. Qc2 0-0 14. b3 Bxc3 15. Qxc3 Qf6 16. Qxf6 Nxf6 17. f3 a5 18. h4 Nd7 19. Bb2 f6 20. Rfd1 b6 21. h5 Kf7 22. Kf2 Ne5 23. hxg6+ hxg6 24. f4 Nc6 25. Bc3 Ke6 26. Kf3 g5 27. g3 gxf4 28. gxf4 Rh8 29. Rh1 Nb4 30. a3 Nd3 31. Rag1 Kf7 32. Ke3 Nc5 33. b4 axb4 34. axb4 Nd7 35. Ra1 Rxh1 36. Rxh1 Rg8 37. Kf3 Nf8 38. Rh6 Rg6 39. Rh5 Rg8 40. c5 bxc5 41. bxc5 Ng6 42. c6 Ne7 43. Ba5 Kg6 44. Rh1 Rc8 45. f5+ Kg7 46. Rc1 d5 47. Bb4 dxe4+ 48. Kxe4 Re8 49. Bxe7 Rxe7+ 50. Kd4 Kf7 51. Rh1 Kg7 52. Ra1 Re5 53. Ra7 Re7 54. Ra8 Kf7 55. Rd8 Re5 56. Rc8 Re7 57. Kc4 Re4+ 58. Kb5 Re5+ 59. Ka6 Ke7 60. Kb7 Rb5+ 61. Kxc7 Rxf5 62. Rh8 Rb5 63. Rh1 Rc5 64. Rh6 Ke6 65. Kb7 Rb5+ 66. Kc8 Ke5 67. c7 Rc5 68. Kd7 Rd5+ 69. Kc6 Rd1 70. Rh5+ f5 71. Rxf5+ Kxf5 72. c8Q+ 1-0

[Event "GRE-chT 51st"]
[Site "Trikala"]
[Date "2024.07.05"]
[Round "2.4"]
[White "Poupalos, Nikolaos"]
[Black "Nikolaou, Spiridon"]
[Result "1/2-1/2"]
[WhiteElo "2295"]
[BlackElo "2157"]
[PlyCount "53"]
[EventDate "2024.07.04"]
[EventType "team-swiss"]
[EventRounds "7"]
[EventCountry "GRE"]
[SourceTitle "CBM 221 Extra"]
[Source "ChessBase"]
[SourceDate "2024.09.30"]
[SourceVersion "1"]
[SourceVersionDate "2024.09.30"]
[SourceQuality "1"]
[WhiteTeam "Peiraikos OS"]
[BlackTeam "Machites OI"]
[WhiteTeamCountry "GRE"]
[BlackTeamCountry "GRE"]

1. e4 e5 2. Nf3 Nc6 3. Bb5 f5 4. d3 fxe4 5. dxe4 Nf6 6. 0-0 d6 7. Nc3 Be7 8. Bc4 Na5 9. Be2 0-0 10. b4 Nc6 11. b5 Na5 12. Nd5 Kh8 13. Bd2 b6 14. Nxf6 Rxf6 15. Bxa5 bxa5 16. Nd2 Bb7 17. Bc4 Qd7 18. Qe2 Raf8 19. Bd5 Bc8 20. a4 Rh6 21. Nc4 Bg5 22. Ra3 Bf4 23. h3 Qe7 24. Ne3 Qg5 25. Nf5 Bxf5 26. exf5 Qxf5 27. Qc4 1/2-1/2

[Event "Titled Tuesday intern op 02nd Jul Late"]
[Site "Chess.com INT"]
[Date "2024.07.02"]
[Round "5"]
[White "Brzezina, Piotr"]
[Black "Poupalos, Nikolaos"]
[Result "1/2-1/2"]
[WhiteElo "2309"]
[BlackElo "2295"]
[PlyCount "124"]
[EventDate "2024.07.02"]
[EventType "swiss (blitz)"]
[EventRounds "11"]
[EventCountry "USA"]
[SourceTitle "EXT 2025"]
[Source "ChessBase"]
[SourceDate "2024.10.14"]
[SourceVersion "1"]
[SourceVersionDate "2024.10.14"]
[SourceQuality "1"]

1. d4 Nf6 2. c4 e6 3. Nc3 Bb4 4. f3 0-0 5. a3 Bxc3+ 6. bxc3 Nh5 7. Nh3 f5 8. e3 Nf6 9. Nf2 d6 10. Be2 Qe7 11. 0-0 e5 12. e4 fxe4 13. fxe4 c5 14. d5 b6 15. Be3 Nbd7 16. Ng4 Nxg4 17. Bxg4 Nf6 18. Bxc8 Raxc8 19. Bg5 h6 20. Bxf6 Rxf6 21. Qg4 Rcf8 22. h3 Rf4 23. Qe2 Qh4 24. Rxf4 Rxf4 25. Re1 Qg3 26. Qe3 Qxe3+ 27. Rxe3 Kf7 28. g3 Rf6 29. Kg2 Ke7 30. Rf3 g5 31. Rxf6 Kxf6 32. g4 Ke7 33. Kf3 Kd7 34. Ke3 Kc7 35. Kd3 Kb7 36. Kc2 Ka6 37. Kb3 Ka5 38. a4 a6 39. Ka3 b5 40. cxb5 axb5 41. axb5 Kxb5 42. Kb3 c4+ 43. Kb2 Ka4 44. Ka2 Kb5 45. Ka3 Ka5 46. Kb2 Kb5 47. Kb1 Ka5 48. Ka1 Ka4 49. Ka2 Kb5 50. Kb2 Kb6 51. Kc2 Kb7 52. Kd2 Ka6 53. Kc2 Kb6 54. Kb1 Ka6 55. Kb2 Kb5 56. Ka3 Ka5 57. Ka2 Ka6 58. Kb2 Kb6 59. Ka3 Kb5 60. Ka2 Ka6 61. Ka1 Ka7 62. Kb2 Kb6 1/2-1/2

[Event "Piraeus GM 01"]
[Site "Piraeus"]
[Date "2024.01.08"]
[Round "6"]
[White "Poupalos, Nikolaos"]
[Black "Kourkoulos Arditis, Stamatis"]
[Result "0-1"]
[WhiteElo "2274"]
[BlackElo "2547"]
[PlyCount "50"]
[EventDate "2024.01.03"]
[EventType "tourn"]
[EventRounds "9"]
[EventCountry "GRE"]
[EventCategory "7"]
[SourceTitle "CBM 218 Extra"]
[Source "ChessBase"]
[SourceDate "2024.03.31"]
[SourceVersion "1"]
[SourceVersionDate "2024.03.31"]
[SourceQuality "1"]

1. e4 c5 2. Nf3 e6 3. d4 cxd4 4. Nxd4 Nc6 5. Nc3 Qc7 6. Be2 a6 7. Nxc6 bxc6 8. Qd3 Nf6 9. Qg3 Qxg3 10. hxg3 d5 11. g4 Bb7 12. g5 Nxe4 13. Nxe4 dxe4 14. Rh4 c5 15. Be3 Rd8 16. Bc4 Be7 17. Ke2 Bd5 18. Bxa6 Rb8 19. b3 f5 20. c4 Bc6 21. Rah1 Ra8 22. Bb5 Rxa2+ 23. Kd1 Bxb5 24. cxb5 Kf7 25. Rxh7 Ra1+ 0-1

[Event "Piraeus GM 01"]
[Site "Piraeus"]
[Date "2024.01.07"]
[Round "5"]
[White "Alexakis, Dimitris"]
[Black "Poupalos, Nikolaos"]
[Result "1/2-1/2"]
[WhiteElo "2451"]
[BlackElo "2274"]
[PlyCount "78"]
[EventDate "2024.01.03"]
[EventType "tourn"]
[EventRounds "9"]
[EventCountry "GRE"]
[EventCategory "7"]
[SourceTitle "CBM 218 Extra"]
[Source "ChessBase"]
[SourceDate "2024.03.31"]
[SourceVersion "1"]
[SourceVersionDate "2024.03.31"]
[SourceQuality "1"]

1. e4 c5 2. Nf3 d6 3. Bb5+ Nd7 4. 0-0 a6 5. Bd3 Ngf6 6. Re1 e6 7. c3 b5 8. Bc2 c4 9. d4 cxd3 10. Qxd3 Bb7 11. Qe2 Be7 12. Nbd2 Qc7 13. Nb3 e5 14. Bg5 0-0 15. a4 Bc6 16. axb5 Bxb5 17. Bd3 Bxd3 18. Qxd3 Rfb8 19. Nfd2 a5 20. Ra4 h6 21. Bxf6 Bxf6 22. Rea1 Bg5 23. Rxa5 Nc5 24. Qc2 Rxa5 25. Nxa5 Bxd2 26. Qxd2 Nxe4 27. Qe2 d5 28. c4 Ra8 29. b4 Nc3 30. Qd3 d4 31. c5 e4 32. Qc4 Qe5 33. Rf1 d3 34. c6 Qd4 35. Qxd4 Ne2+ 36. Kh1 Nxd4 37. g4 Rc8 38. Rc1 Ne2 39. Rc5 Nd4 1/2-1/2

[Event "Wch U16"]
[Site "Montesilvano"]
[Date "2023.11.23"]
[Round "10"]
[White "Poupalos, Nikolaos"]
[Black "Palczert, Matyas"]
[Result "1-0"]
[WhiteElo "2156"]
[BlackElo "2349"]
[PlyCount "99"]
[EventDate "2023.11.13"]
[EventType "swiss"]
[EventRounds "11"]
[EventCountry "ITA"]
[SourceTitle "CBM 217 Extra"]
[Source "ChessBase"]
[SourceDate "2024.01.31"]
[SourceVersion "1"]
[SourceVersionDate "2024.01.31"]
[SourceQuality "1"]

1. e4 c6 2. d4 d5 3. e5 c5 4. Nf3 cxd4 5. Nxd4 Nc6 6. Nxc6 bxc6 7. Bd3 e6 8. 0-0 Ne7 9. Re1 Ng6 10. Nd2 a5 11. c3 Ba6 12. Bc2 Be7 13. Qg4 Qb6 14. Nf3 0-0 15. h4 Bc5 16. Qg3 Ne7 17. h5 Rfe8 18. h6 g6 19. Qh4 Qd8 20. Nd4 Bxd4 21. cxd4 Nf5 22. Qf4 Qh4 23. Bxf5 Qxf4 24. Bxf4 exf5 25. Rec1 Bb5 26. a4 Bc4 27. b3 Bxb3 28. Rxc6 Rec8 29. Rb6 Bc2 30. e6 Re8 31. Rc1 Rac8 32. exf7+ Kxf7 33. Rb7+ Re7 34. Rb2 Re2 35. f3 g5 36. Bxg5 Kg6 37. Bf4 Rc4 38. Kf1 Bd3 39. Rxe2 Rxd4 40. Be3 Rxa4 41. Rd1 Bxe2+ 42. Kxe2 f4 43. Rd4 Ra2+ 44. Rd2 Ra4 45. Bb6 Kxh6 46. Rxd5 Ra2+ 47. Rd2 Ra4 48. Kf2 Kg6 49. Rd6+ Kf7 50. Rd4 1-0

[Event "Wch U16"]
[Site "Montesilvano"]
[Date "2023.11.22"]
[Round "9"]
[White "Paseka, Matyas"]
[Black "Poupalos, Nikolaos"]
[Result "1/2-1/2"]
[WhiteElo "2250"]
[BlackElo "2156"]
[PlyCount "60"]
[EventDate "2023.11.13"]
[EventType "swiss"]
[EventRounds "11"]
[EventCountry "ITA"]
[SourceTitle "CBM 217 Extra"]
[Source "ChessBase"]
[SourceDate "2024.01.31"]
[SourceVersion "1"]
[SourceVersionDate "2024.01.31"]
[SourceQuality "1"]

1. e4 c5 2. Nf3 d6 3. d4 cxd4 4. Nxd4 Nf6 5. Nc3 a6 6. Bg5 Nbd7 7. Bc4 Qb6 8. Bb3 e6 9. Qd2 Be7 10. 0-0-0 Nc5 11. f3 Qc7 12. g4 b5 13. Rhe1 Bd7 14. Nf5 exf5 15. Bxf6 Bxf6 16. exf5+ Kf8 17. Nd5 Qd8 18. Nxf6 Qxf6 19. g5 Qxf5 20. Qxd6+ Kg8 21. Rd5 Nxb3+ 22. axb3 Qxf3 23. Qxd7 g6 24. Rde5 Qf4+ 25. Kb1 Kg7 26. Qh3 h6 27. Qc3 b4 28. gxh6+ Rxh6 29. Qg3 Qxg3 30. hxg3 Rh2 1/2-1/2

[Event "Wch U16"]
[Site "Montesilvano"]
[Date "2023.11.18"]
[Round "6"]
[White "Poupalos, Nikolaos"]
[Black "Karsten, Jan"]
[Result "1-0"]
[WhiteElo "2156"]
[BlackElo "2306"]
[PlyCount "69"]
[EventDate "2023.11.13"]
[EventType "swiss"]
[EventRounds "11"]
[EventCountry "ITA"]
[SourceTitle "CBM 217 Extra"]
[Source "ChessBase"]
[SourceDate "2024.01.31"]
[SourceVersion "1"]
[SourceVersionDate "2024.01.31"]
[SourceQuality "1"]

1. e4 c5 2. Nf3 d6 3. d4 cxd4 4. Nxd4 Nf6 5. Nc3 a6 6. h3 e5 7. Nde2 h5 8. Bg5 Be6 9. f4 Nbd7 10. f5 Bc4 11. Ng3 Rc8 12. Bxc4 Rxc4 13. Qd3 Qc7 14. Nge2 d5 15. exd5 e4 16. Qd2 Bd6 17. 0-0-0 b5 18. Kb1 Be5 19. d6 Qc6 20. Bf4 0-0 21. Nd5 Nxd5 22. Bxe5 Nxe5 23. Qxd5 Rc5 24. Qd4 Nc4 25. Ng3 Rd8 26. Nxe4 Rxf5 27. Rhe1 Nxd6 28. g4 hxg4 29. hxg4 Rf4 30. Qe5 Rxe4 31. Rxe4 Re8 32. Qd5 Qxd5 33. Rxe8+ Nxe8 34. Rxd5 Nf6 35. Rd4 1-0